000 002580000a22000970004500
100 1 _aWilson, J. Christy
245 1 0 _aSuccessful tentmaking depends on mission agencies
300 _aVol. 14, Núm 13 (1997), Páginas 141-143
773 0 _tEvangel
942 _cANA
999 _c54163
_d54163